000 00576cam a2200217ua 4500
001 8351
005 20260515114326.0
008 150213n ii |||gr||||Z||||||eng
040 _cMAIN
041 _aeng
082 _a820
100 _aMundra, J. N.,
_eAuthor.
245 _aHistory of english literature :
_bVol. I /
_cBy J. N. Mundra .
250 _a1st.
260 _aBareilly:
_bPrakash,
_c2012.
300 _aiii,458p.
653 _aEnglish.& Old English literatures
653 _aHistory of english literature
700 _aMundra, S. C.,
_eAuthor.
942 _cBK
999 _c7457
_d7457